| 000 | 00755nam a22002057a 4500 | ||
|---|---|---|---|
| 005 | 20200104041630.0 | ||
| 008 | 141205b xxu||||| |||| 00| 0 spa d | ||
| 040 | _cCO-BoIH | ||
| 041 | _aspa | ||
| 044 | _ack | ||
| 090 |
_aEA _b00194 |
||
| 245 |
_aProyecto Ambiental Escolar (PRAE) Herramientas de Trabajo : _bInstituciones Educativas del área de influencia del Sistema Chingaza |
||
| 260 |
_aBogotá D.C : _bEmpresa Acueducto y Alcantarillado de Bogotá, _bCorporación Suna Hisca, _c2007. |
||
| 300 |
_a11 pag _c33 cm |
||
| 650 |
_aProyectos de desarrollo y medio ambiente. _929935 |
||
| 650 |
_aControl ambiental. _929936 |
||
| 650 |
_aProyectos de desarrollo _xGuías _929937 |
||
| 650 |
_aProtección del medio ambiente. _9271 |
||
| 942 |
_2z _cLIBRO |
||
| 999 |
_c8874 _d8874 |
||